The Caribbean: contemporary trends / (Registro nro. 13129)

Detalles MARC
000 -LIDER
fixed length control field 00573nam a22001697a 4500
003 - IDENTIFICACDOR DE NÚMERO DE CONTROL
control field DO-SdBNP
005 - DATE AND TIME OF LATEST TRANSACTION
control field 20171127131833.0
008 - ELEMENTOS DE LONGITUD FIJA
fixed length control field 171127b us1953||||| |||| 00| 0 spa d
040 ## - FUENTE DE CATALOGACIÓN
Agencia que crea de manera original el registro BMPSU
Idioma de catalogación spa
Agencia que realiza la transcripción BMPSU
245 04 - MENCIÓN DE TITULO
Título The Caribbean: contemporary trends /
Mención de responsabilidad ed. by A. Curtis Wilgus
260 ## - PUBLICACIÓN, DISTRIBUCIÓN, ETC. (PIE DE IMPRENTA)
Lugar de publicación, distribución, etc Jaclsonville, Flórida:
Nombre del editor, distribuidor, etc. University of Flórida,
Fecha de publicación, distribución, etc 1953
300 ## - DESCRIPCIÓN FÍSICA
Extensión xxvi, 292 p.
Otros detalles físicos il. ;
Dimensiones 24 cm
500 ## - NOTA GENERAL
Nota general Incluye referencias bibliográficas y notas al pie de las páginas
700 ## - ASIENTO SECUNDARIO -- NOMBRE PERSONAL
Nombre personal Wilgus, A. Curtis
Mención de responsabilidad ed.
942 ## - ADDED ENTRY ELEMENTS (KOHA)
Source of classification or shelving scheme Dewey Decimal Classification
Koha item type Libros
945 ## - INFORMACIÓN DE PROCESAMIENTO LOCAL
Información de procesamiento local Inventariado, 2017/MFF
Existencias
Withdrawn status Lost status Source of classification or shelving scheme Damaged status Not for loan Collection code Home library Current library Date acquired Total Checkouts Barcode Date last seen Price effective from Koha item type
    Dewey Decimal Classification     Colección General Biblioteca Pública Metropolitana Salomé Ureña Biblioteca Pública Metropolitana Salomé Ureña 11/27/2017   BPMSU17110457 11/27/2017 11/27/2017 Libros